| 000 | 00583nam a22001697a 4500 | ||
|---|---|---|---|
| 003 | UPN | ||
| 005 | 20250319093501.0 | ||
| 008 | 250318s2005 fr| |||f a||| 00| 0 eng d | ||
| 040 |
_aMX-MxUPN _bspa _cMX-MxUPN |
||
| 050 |
_aLC92 M4 U79 _b2005 |
||
| 110 | 2 |
_aInstituto Internacional de Planeamiento de la Educación _928914 |
|
| 245 |
_aImplementation of EFA : _ban overview of IIEP actvities |
||
| 260 |
_aParís : _bUNESCO, _bInstituto Internacional de Planeamiento de la Educación, _c2005 |
||
| 300 | _a17 páginas | ||
| 902 | _aMaiella Martínez / 18032025 | ||
| 942 |
_2lcc _cFOLL _n0 |
||
| 999 |
_c212865 _d212865 |
||